Procesy posudzovania a hodnotenia v kurikulárnej premene (1.)
Zabezpečiť úspech kurikulárnej premeny školstva znamená nastaviť relevantnú politiku posudzovania a hodnotenia. Jej cieľom je dodržiavať stanovené kritériá, udržiavať vysoké štandardy, zlepšovať vzdelávanie edukantov a prinášať výhody všetkým zúčastneným. Úspešná implementácia tejto politiky závisí...
Enregistré dans:
| Auteur principal: | |
|---|---|
| Format: | Chapitre de livre |
| Langue: | slovaque |
| Sujets: | |
| Tags: |
Pas de tags, Soyez le premier à ajouter un tag!
|
MARC
| LEADER | 00000naa a2200000 4500 | ||
|---|---|---|---|
| 001 | 0307064 | ||
| 005 | 20250217143042.0 | ||
| 041 | 0 | |a slo | |
| 044 | |a SK | ||
| 245 | 1 | 0 | |a Procesy posudzovania a hodnotenia v kurikulárnej premene (1.) |c Martina Kosturková |
| 520 | |a Zabezpečiť úspech kurikulárnej premeny školstva znamená nastaviť relevantnú politiku posudzovania a hodnotenia. Jej cieľom je dodržiavať stanovené kritériá, udržiavať vysoké štandardy, zlepšovať vzdelávanie edukantov a prinášať výhody všetkým zúčastneným. Úspešná implementácia tejto politiky závisí od viacerých faktorov, a to hlavne od profesionálneho úsudku pedagógov na všetkých úrovniach, od ich schopnosti kooperovať, budovať prostredie dôvery a viesť edukantov k vlastnej zodpovednosti za svoje výkony a sebahodnotenie. Iba kompetentní profesionáli a kvalitné procesy hodnotenia dokážu zabezpečiť rastúci úspech. | ||
| 610 | 2 | 0 | |a školstvo |
| 610 | 2 | 0 | |a vzdelávanie |
| 610 | 2 | 0 | |a metodika |
| 610 | 2 | 0 | |a motivácia |
| 610 | 2 | 0 | |a hodnotenie |
| 100 | 1 | |a Kosturková, Martina | |